| 000 | 00460nam a2200205Ia 4500 | ||
|---|---|---|---|
| 008 | 210210b1910 xxu||||| |||| 00| 0 eng d | ||
| 041 | _aeng | ||
| 082 | _a942/94 | ||
| 100 | _aGREEN (John Richard) | ||
| 245 | _aMaking of England Vol II | ||
| 260 |
_aLondon _bMacmillan & Co. Ltd. _c1910 |
||
| 440 | _a2 | ||
| 650 | _aVol | ||
| 650 | _aof | ||
| 650 | _aMaking | ||
| 650 | _aII | ||
| 650 | _aEngland | ||
| 690 | _aEuropean History | ||
| 906 | _a025502 | ||
| 999 |
_c151380 _d151380 |
||